| 000 | 00642nam a2200205 u 4500 | ||
|---|---|---|---|
| 005 | 20220527131515.0 | ||
| 008 | 100507s2007 es r 000 0 spa d | ||
| 020 | _a8476510780 | ||
| 035 | _aUPN01000175669 | ||
| 049 | _aCG | ||
| 050 | 4 |
_aDL65 _bG8.3 |
|
| 100 | 1 | _aGuyot, Ch. | |
| 245 | 1 | 0 |
_aCuentos de los vikingos : _bextraídos de las antiguas sagas/ _cCh. Guyot, E. Wegener ; tr. Jordi Quingles. |
| 260 |
_aPalma de Mallorca, Esp. : _bJosé J. de Olañeta, _c2007. |
||
| 300 |
_a113 p. : _bil. |
||
| 440 | 0 |
_aBiblioteca de cuentos maravillosos ; _v23 |
|
| 650 | 0 |
_aVikingos _916244 |
|
| 700 | 1 |
_aWegener, E., _ecoaut. |
|
| 905 | _aLibro | ||
| 999 |
_c147772 _d147772 |
||